| 000 | 00505nam a22001817a 4500 | ||
|---|---|---|---|
| 003 | dpl | ||
| 005 | 20180719130723.0 | ||
| 008 | 180719b xxu||||| |||| 00| 0 eng d | ||
| 020 | _c0.00 | ||
| 035 | _ab-023921 | ||
| 040 |
_aDPL _bEN _c0 |
||
| 082 | _aNUT | ||
| 245 |
_aNutrition: eating for good health/ _cForeword by Mike Espy |
||
| 260 |
_aJaipur _bSurbhi Publications _cN.A. |
||
| 300 |
_axiv; 273p.: _bill; _c21cm. |
||
| 500 | _aincludes appendix | ||
| 942 |
_2ddc _cEN _h613.28 _mNUT |
||
| 999 |
_c154403 _d154403 |
||